000 00667nam a22002052 4500
001 0000009479
005 20151217145850.0
008 081031s xx 000 0 eng d
020 _a1412954563 :
_cKES 5713.20
040 _aKABU
_cKABU
100 1 _aJohnson, Burke.
_@0000160982
245 1 0 _aEducational research :
_bquantitative, qualitative and mixed approaches /
_cBurke Johnson, Larry B. Christensen.
260 _aLondon :
_bSAGE,
_c2008.
300 _axxiv, 639 p.
650 0 _aEducation
_xResearch.
_@0000148150
700 1 _aChristensen, Larry B.
_@0000160983
908 _a081031
950 _@1
999 _c3468
_d3468